100 największych państw w historii - Statystyki

Ogólne statystyki
  • Ten quiz został rozwiązany 306 razy
  • Średni wynik to 13 z 100
Statystyki odpowiedzi
Odpowiedź % Poprawnych
Federacja Rosyjska
85%
Rosyjskie Imperium Kolonialne
85%
Stany Zjednoczone
71%
Brytyjskie Imperium Kolonialne
69%
Francuskie Imperium Kolonialne
62%
Kanada
58%
Związek Socjalistycznych Republik Radzieckich
52%
Hiszpanskie Imperium Kolonialne
50%
Mongolia
48%
Indie
46%
Australia
40%
Imperium Osmańskie
39%
Imperium mongolskie
37%
Rzeczpospolita Obojga Narodów
34%
Cesarstwo Rzymskie
27%
Kazachstan
27%
Algieria
26%
Argentyna
24%
Demokratyczna Republika Konga
23%
Arabia Saudyjska
22%
Chińska Republika Ludowa
17%
Libia
16%
Portugalskie imperium kolonialne
16%
Sudan
16%
Dynastia Qing
15%
Czad
13%
Niger
13%
Etiopia
12%
Holenderskie imperium kolonialne
11%
Belgijskie imperium kolonialne
10%
Cesarstwo Brazylii
10%
Cesarstwo Meksyku
10%
Kalifat Abbasydów
8%
Niemieckie imperium kolonialne
8%
Ruś Kijowska
8%
Wielka Kolumbi&
8%
Włoskie imperium kolonialne
8%
Złota Orda
8%
Angola
7%
Kalifat Umajjadów
7%
Rzesza Niemiecka
7%
Cesarstwo Wielkiej Japonii
5%
Duńskie imperium kolonialne
5%
Królestwo Macedonii
5%
Cesarstwo zachodniorzymskie
4%
Imperium Achemenidów
4%
Imperium Mali
4%
Państwo Inków
4%
Cesarstwo Bizantynskie
3%
Federacja Mali
3%
I Cesarstwo Francuskie
3%
Imperium Maurjów
3%
Imperium Sasanidów
3%
Skonfederowane Stany Ameryki
3%
Związek Południowej Afryki
3%
Aksum
2%
Cesarstwo Jin
2%
Chanat Syberyjski
2%
Ilchanat
2%
Imperium Afszarydów
2%
Imperium Guptów
2%
Imperium Harszy
2%
Imperium Timurydów
2%
Imperium Wielkich Mogołów
2%
Indonezji
2%
Kaganat Turkutów
2%
Kalifat Fatymidów
2%
Zjednoczona Republika Arabska
2%
Chanat Kara Kitajów
1%
I Carstwo Bułgarskie
1%
Imperium Chorezmijskie
1%
Imperium Frankijskie
1%
Imperium Kuszanów
1%
Imperium Medów
1%
Imperium Nowoasyryjskie
1%
Imperium Pala
1%
Imperium Safawidów
1%
Imperium Seleucydów
1%
Imperium tybetasnkie
1%
Kaganat Chazarski
1%
Kaganat Karachanidów
1%
Kaganat ujgurski
1%
Kalifat Almohadów
1%
Konfederacja Marathów
1%
Konfederacja Peruwiańsko-Boliwijska
1%
Madżapahit
1%
Songhaj
1%
Sułtanat Delhijski
1%
Wielcy Seldżucy
1%
Chanat Czagatajski
0%
Emirat Saffarydów
0%
Imperium Colow
0%
Królestwo Greko-Baktryjskie
0%
Królestwo Indo-Greckie
0%
Królestwo Indo-Partów
0%
Królestwo Indo-Scytów
0%
Królestwo Partów
0%
Państwo Heftalitów
0%
Sułtanat Mameluków
0%
Sutanat Ajjubidów
0%
Nie znaleziono quizów pasujących do podanych kryteriów
Rozkład punktacji
Procent ludzi z każdym wynikiem
Percentyl według liczby udzielonych odpowiedzi
Twoja historia wyników
Nie rozwiązałeś tego quizu